Björk Discography - Statistics

General Stats
  • This quiz has been taken 15 times
  • The average score is 76 of 136
Answer Stats
Hint Answer % Correct
Homogenic Hunter
92%
Homogenic All Is Full Of Love
85%
Post Army Of Me
85%
Homogenic Bachelorette
85%
Vespertine Hidden Place
85%
Homogenic Joga
85%
Vespertine Pagan Poetry
85%
Homogenic Pluto
85%
Debut Venus as a Boy
85%
Homogenic 5 Years
77%
Homogenic Alarm Call
77%
Vespertine Cocoon
77%
Vespertine Frosti
77%
Post Headphones
77%
Debut Human Behaviour
77%
Post Hyperballad
77%
Homogenic Immature
77%
Post Isobel
77%
Vespertine It's Not Up To You
77%
Vulnicura Lionsong
77%
Utopia Losss
77%
Post Possibly Maybe
77%
Vulnicura Stonemilker
77%
Utopia The Gate
77%
Homogenic Unravel
77%
Utopia Utopia
77%
Medulla Where Is The Line
77%
Debut Aeroplane
69%
Homogenic All Neon Like
69%
Debut Big Time Sensuality
69%
Vulnicura Black Lake
69%
Utopia Blissing Me
69%
Post Cover Me
69%
Debut Crying
69%
Biophilia Crystalline
69%
Volta Declare Independence
69%
Volta Earth Intruders
69%
Post Enjoy
69%
Post I Miss You
69%
Volta Innocence
69%
Post It's Oh So Quiet
69%
Biophilia Moon
69%
Medulla Pleasure Is All Mine
69%
Vulnicura Quicksand
69%
Biophilia Thunderbolt
69%
Medulla Triumph of a Heart
69%
Vespertine Undo
69%
Medulla Who Is It (Carry My Joy On The Left, Carry My Pain On The Right)
69%
Post You've Been Flirting Again
69%
Selmasongs 107 Steps
62%
Medulla Ancestors
62%
Vespertine An Echo A Stain
62%
Utopia Arisen My Senses
62%
Vespertine Aurora
62%
Debut Come to Me
62%
Vespertine Heirloom
62%
Vulnicura History of Touches
62%
Selmasongs In The Musicals
62%
Selmasongs I've Seen It All
62%
Debut Like Someone in Love
62%
Biophilia Mutual Core
62%
Vulnicura Notget
62%
Medulla Oceania
62%
Volta Pneumonia
62%
Medulla Show Me Forgiveness
62%
Biophilia Solstice
62%
Vespertine Sun In My Mouth
62%
Utopia Tabula Rasa
62%
Debut The Anchor Song
62%
Debut There's More to Life Than This
62%
Vespertine Unison
62%
Volta Vertebrae By Vertebrae
62%
Biophilia Virus
62%
Medulla Vokuro
62%
Volta Wanderlust
62%
Vulnicura Atom Dance
54%
Utopia Body Memory
54%
Biophilia Cosmogony
54%
Selmasongs Cvalda
54%
Medulla Desired Constellation
54%
Vulnicura Family
54%
Utopia Future Forever
54%
Gling-Glo Gling Glo
54%
Vespertine Harm Of Will
54%
Volta Hope
54%
Medulla Midvikudags
54%
Vulnicura Mouth Mantra
54%
Medulla Mouths Cradle
54%
Volta My Juvenile
54%
Medulla Oll Birtan
54%
Selmasongs Overture
54%
Utopia Paradisia
54%
Medulla Sonnets / Unrealities XI
54%
Drawing Restraint #9 Storm
54%
Medulla Submarine
54%
Utopia Sue Me
54%
Debut Violently Happy
54%
Utopia Claimstaker
46%
Utopia Courtship
46%
Biophilia Dark Matter
46%
Utopia Features Creatures
46%
Volta I See Who You Are
46%
Biophilia Nattura
46%
Selmasongs New World
46%
Debut One Day
46%
Biophilia Sacrifice
46%
Utopia Saint
46%
Volta The Dull Flame Of Desire
46%
Drawing Restraint #9 Bath
38%
Biophilia Hollow
38%
Post Modern Things
38%
Selmasongs Scatterheart
38%
Drawing Restraint #9 Vessel Shimenawa
38%
Drawing Restraint #9 Gratitude
31%
Drawing Restraint #9 Holographic Entrypoint
31%
Drawing Restraint #9 Hunter Vessel
31%
Gling-Glo I Can't Help Loving That Man
31%
Drawing Restraint #9 Shimenawa
31%
Drawing Restraint #9 Ambergris March
23%
Drawing Restraint #9 Cetacea
23%
Gling-Glo Kata Rokkar
23%
Gling-Glo Pabbi Minn
23%
Drawing Restraint #9 Pearl
23%
Gling-Glo Ruby Baby
23%
Drawing Restraint #9 Antarctic Return
15%
Gling-Glo Astartofrar
15%
Gling-Glo Bella Simamaer
15%
Gling-Glo Brestir Og Brak
15%
Gling-Glo Luktar-Gvendur
15%
Gling-Glo Bilavisur
8%
Gling-Glo Bornin Vid Tjornina
8%
Gling-Glo Eg Veit Ei Hvad Skal Segja
8%
Gling-Glo I Dansi Med Per
8%
Gling-Glo Litli Tonlistarmadurinn
8%
Gling-Glo Pad Sest Ekki Saetari Mey
8%
Gling-Glo Tondeleyo
8%
No matching quizzes found
Score Distribution
Percent of People with Each Score
Percentile by Number Answered
Your Score History
You have not taken this quiz